000 00475nam a2200181Ia 4500
001 7718
005 20260306160516.0
008 260306t2011||||xx |||||||||||||| ||spa||
041 _aESP
082 _a354.49
_bM61
100 _aGerencia Regional de Energía y Minas de Arequipa
_eAUT
245 0 _aCódigo nacional de electricidad (suministro 2011)
260 _c2011
300 _a323 páginas :
_c30 cm.
650 _aGEN
654 _aCIA
942 _cLIB
_dJUS
_fJUS
_2ddc
_n
999 _c7718
_d7718